UM Logo

Can physical education improve the mental health of children? the LOOK study cluster-randomized controlled trial / (Record no. 23908)

MARC details
000 -LEADER
fixed length control field 01169nam a22002657a 4500
003 - CONTROL NUMBER IDENTIFIER
control field OSt
005 - DATE AND TIME OF LATEST TRANSACTION
control field 20250930133751.0
008 - FIXED-LENGTH DATA ELEMENTS--GENERAL INFORMATION
fixed length control field 250930b |||||||| |||| 00| 0 eng d
040 ## - CATALOGING SOURCE
Transcribing agency 0
082 ## - DEWEY DECIMAL CLASSIFICATION NUMBER
Classification number DPer 370.15 J826 October-November 2019 v. 111 n. 7-8
100 ## - MAIN ENTRY--PERSONAL NAME
Personal name Olive, Lisa S.
Relator term author.
9 (RLIN) 68235
245 ## - TITLE STATEMENT
Title Can physical education improve the mental health of children? the LOOK study cluster-randomized controlled trial /
Statement of responsibility, etc. Lisa S. Olive, Don Byrne, Ross B. Cunningham, Rohan M. Telford, and Richard D. Telford.
260 ## - PUBLICATION, DISTRIBUTION, ETC. (IMPRINT)
Place of publication, distribution, etc. Washington, DC ;
Name of publisher, distributor, etc. American Psychological Association ,
Date of publication, distribution, etc. October 2019.
300 ## - PHYSICAL DESCRIPTION
Extent Volume 111, pages 1331-1340 :
Other physical details illustrations ;
Dimensions 28 cm.
500 ## - GENERAL NOTE
General note Journal of Educational Psychology, vol. 111, no. 7, pages 1331-1340, October 2019.
650 #0 - SUBJECT ADDED ENTRY--TOPICAL TERM
Topical term or geographic name as entry element Depression (Psychology).
9 (RLIN) 47458
650 #0 - SUBJECT ADDED ENTRY--TOPICAL TERM
Topical term or geographic name as entry element Mental health.
9 (RLIN) 30801
650 #0 - SUBJECT ADDED ENTRY--TOPICAL TERM
Topical term or geographic name as entry element Outcomes of education.
9 (RLIN) 64911
700 ## - ADDED ENTRY--PERSONAL NAME
Personal name Olive, Lisa S.
Relator term author.
9 (RLIN) 68235
700 ## - ADDED ENTRY--PERSONAL NAME
Personal name Byrne, Don.
Relator term author.
9 (RLIN) 68237
700 ## - ADDED ENTRY--PERSONAL NAME
Personal name Cunningham, Ross B.
Relator term author.
9 (RLIN) 68238
700 ## - ADDED ENTRY--PERSONAL NAME
Personal name Telford, Rohan M.
Relator term author.
9 (RLIN) 68239
700 ## - ADDED ENTRY--PERSONAL NAME
Personal name Telford, Richard D.
Relator term author.
9 (RLIN) 68240
942 ## - ADDED ENTRY ELEMENTS (KOHA)
Source of classification or shelving scheme Dewey Decimal Classification
Koha item type Periodicals
Holdings
Withdrawn status Lost status Source of classification or shelving scheme Damaged status Not for loan Collection code Home library Current library Date acquired Total Checkouts Full call number Date last seen Price effective from Koha item type Public note
    Dewey Decimal Classification     Periodicals UM Digos College - LIC UM Digos College - LIC 09/30/2025   DPer 370.15 J826 October-November 2019 v. 111 n. 7-8 09/30/2025 09/30/2025 Periodicals Periodical Article